非洲国家与首都(双语) - Statistics

General Stats
  • This quiz has been taken 12 times
  • The average score is 90 of 240
Answer Stats
Hint Answer % Correct
国家 埃及
92%
国家 阿尔及利亚
83%
首都 开罗
83%
国家 摩洛哥
75%
国家 | 首都 突尼斯
75%
国家 利比亚
75%
国家 马里
75%
国家 布隆迪
75%
国家 南非
75%
首都 阿尔及尔
75%
国家 尼日尔
67%
国家 苏丹
67%
国家 佛得角
67%
国家 科特迪瓦
67%
国家 多哥
67%
国家 尼日利亚
67%
国家 南苏丹
67%
国家 刚果共和国
67%
国家 刚果民主共和国
67%
国家 卢旺达
67%
国家 马拉维
67%
国家 坦桑尼亚
67%
国家 毛里求斯
67%
国家 马达加斯加
67%
Country Algeria
67%
Country Egypt
67%
Country Mali
67%
国家 乍得
58%
国家 塞内加尔
58%
国家 冈比亚
58%
国家 塞拉利昂
58%
国家 利比里亚
58%
国家 加纳
58%
国家 贝宁
58%
国家 中非
58%
国家 | 首都 吉布提
58%
国家 索马里
58%
国家 喀麦隆
58%
国家 安哥拉
58%
国家 纳米比亚
58%
国家 津巴布韦
58%
国家 莱索托
58%
国家 塞舌尔
58%
首都 的黎波里
58%
首都 金沙萨
58%
首都 内罗毕
58%
首都 开普敦
58%
首都 布隆方丹
58%
Country Sudan
58%
Capital Tunis
58%
国家 毛里塔尼亚
50%
国家 几内亚比绍
50%
国家 几内亚
50%
国家 布基纳法索
50%
国家 埃塞俄比亚
50%
国家 厄立特里亚
50%
国家 圣多美和普林西比
50%
国家 赤道几内亚
50%
国家 加蓬
50%
国家 乌干达
50%
国家 肯尼亚
50%
国家 赞比亚
50%
国家 莫桑比克
50%
国家 博茨瓦纳
50%
国家 斯威士兰
50%
国家 科摩罗
50%
首都 喀土穆
50%
首都 阿布贾
50%
首都 朱巴
50%
首都 圣多美
50%
首都 布拉柴维尔
50%
Capital Cairo
50%
Capital Cape Town
50%
Country Kenya
50%
Capital Kinshasa
50%
Country Libya
50%
Country Morocco
50%
Capital Nairobi
50%
Country Niger
50%
Country Nigeria
50%
Country Republic of the Congo
50%
Country South Africa
50%
Country Tanzania
50%
Country Tunisia
50%
首都 尼亚美
42%
首都 恩贾梅纳
42%
首都 达喀尔
42%
首都 班珠尔
42%
首都 比绍
42%
首都 亚的斯亚贝巴
42%
首都 比勒陀利亚
42%
首都 塔那那利佛
42%
Capital Abuja
42%
Capital Algiers
42%
Country Angola
42%
Country Burundi
42%
Country Cape Verde
42%
Capital Dakar
42%
Country Gambia
42%
Country Ghana
42%
Country Malawi
42%
Country Rwanda
42%
Country Senegal
42%
Country South Sudan
42%
Country Togo
42%
Capital Tripoli
42%
首都 拉巴特
33%
首都 努瓦克肖特
33%
首都 巴马科
33%
首都 阿比让
33%
首都 洛美
33%
首都 摩加迪沙
33%
首都 罗安达
33%
首都 温得和克
33%
Country Benin
33%
Country Botswana
33%
Country Burkina Faso
33%
Country Cameroon
33%
Country Chad
33%
Country Comoros
33%
Country Côte d'Ivoire
33%
Country Democratic Republic of the Congo
33%
Capital | Country Djibouti
33%
Country Ethiopia
33%
Country Gabon
33%
Country Guinea
33%
Country Guinea Bissau
33%
Capital Juba
33%
Country Liberia
33%
Capital Luanda
33%
Country Madagascar
33%
Country Mauritius
33%
Capital Mogadishu
33%
Country Mozambique
33%
Country Namibia
33%
Country Sierra Leone
33%
Country Somalia
33%
Country Uganda
33%
Country Zambia
33%
Country Zimbabwe
33%
首都 弗里敦
25%
首都 蒙罗维亚
25%
首都 瓦加杜古
25%
首都 阿克拉
25%
首都 波多诺伏
25%
首都 雅温得
25%
首都 布琼布拉
25%
首都 多多马
25%
首都 马普托
25%
首都 哈拉雷
25%
首都 姆巴巴内
25%
首都 路易港
25%
Capital Accra
25%
Capital Addis Ababa
25%
Capital Bissau
25%
Country Central African Republic
25%
Country Eritrea
25%
Country Eswatini
25%
Capital Freetown
25%
Country Lesotho
25%
Capital Maputo
25%
Country Mauritania
25%
Capital N'Djamena
25%
Capital Pretoria
25%
Capital São Tomé
25%
首都 普拉亚
17%
首都 科纳克里
17%
首都 阿斯马拉
17%
首都 坎帕拉
17%
首都 基特加
17%
首都 利隆圭
17%
首都 哈博罗内
17%
Capital Abidjan
17%
Capital Antananarivo
17%
Capital Bamako
17%
Capital Banjul
17%
Capital Bujumbura
17%
Capital Dodoma
17%
Capital Gitega
17%
Capital Kigali
17%
Capital Lomé
17%
Capital Mbabane
17%
Capital Monrovia
17%
Capital Ouagadougou
17%
Capital Porto-Novo
17%
Capital Praia
17%
Capital Rabat
17%
Country Seychelles
17%
Capital Windhoek
17%
Capital Yaoundé
17%
首都 亚穆苏克罗
8%
首都 马拉博
8%
首都 利伯维尔
8%
首都 基加里
8%
首都 卢萨卡
8%
首都 维多利亚
8%
Capital Asmara
8%
Capital Bloemfontein
8%
Capital Conakry
8%
Capital Khartoum
8%
Capital Lilongwe
8%
Capital Lusaka
8%
Capital Malabo
8%
Capital Maseru
8%
Capital Moroni
8%
Capital Niamey
8%
Capital Port Louis
8%
Country São Tomé and Príncipe
8%
Capital Victoria
8%
Capital Yamoussoukro
8%
首都 科托努
0%
首都 班基
0%
首都 洛班巴
0%
首都 马塞卢
0%
首都 莫罗尼
0%
Capital Bangui
0%
Capital Brazzaville
0%
Capital Cotonou
0%
Country Equitorial Guinea
0%
Capital Gaborone
0%
Capital Harare
0%
Capital Kampala
0%
Capital Libreville
0%
Capital Lobamba
0%
Capital Nouakchott
0%
No matching quizzes found
Score Distribution
Percent of People with Each Score
Percentile by Number Answered
Your Score History
You have not taken this quiz